000 00288nam a22001337a 4500
008 181030b xxu||||| |||| 00| 0 eng d
020 _a0631142274
041 _aeng
080 _a101
100 _a24
101 _aFIL
245 _aFreud and Human Nature
_cDilman, I
942 _2udc
_cBK
999 _c51130
_d51130